CMOS Digital Integrated Circuits. (Record no. 7303)

MARC details
000 -LEADER
fixed length control field 00619nam a22002057a 4500
003 - CONTROL NUMBER IDENTIFIER
control field OSt
005 - DATE AND TIME OF LATEST TRANSACTION
control field 20210930115145.0
008 - FIXED-LENGTH DATA ELEMENTS--GENERAL INFORMATION
fixed length control field 210930b ||||| |||| 00| 0 eng d
020 ## - INTERNATIONAL STANDARD BOOK NUMBER
International Standard Book Number 0071243429
040 ## - CATALOGING SOURCE
Transcribing agency DDC
082 ## - DEWEY DECIMAL CLASSIFICATION NUMBER
Classification number 621.381KAN 2005
100 ## - MAIN ENTRY--PERSONAL NAME
Personal name Kang,Sung-Mo; Leblebici,Yusuf;
9 (RLIN) 14983
245 ## - TITLE STATEMENT
Title CMOS Digital Integrated Circuits.
Remainder of title Analysis and Design.
Statement of responsibility, etc. Edited by Kang,Sung-Mo and Leblebici,Yusuf;
250 ## - EDITION STATEMENT
Edition statement 3rd Ed.
260 ## - PUBLICATION, DISTRIBUTION, ETC. (IMPRINT)
Place of publication, distribution, etc. New York.
Name of publisher, distributor, etc. McGraw.Hill.
Date of publication, distribution, etc. 2005
300 ## - PHYSICAL DESCRIPTION
Extent xvi,655p;
Other physical details ill;
Dimensions 23cm
504 ## - BIBLIOGRAPHY, ETC. NOTE
Bibliography, etc Includes; references and index.
650 ## - SUBJECT ADDED ENTRY--TOPICAL TERM
Topical term or geographic name as entry element Engineering
9 (RLIN) 373
942 ## - ADDED ENTRY ELEMENTS (KOHA)
Source of classification or shelving scheme Dewey Decimal Classification
Koha item type Open Shelf
Holdings
Withdrawn status Lost status Source of classification or shelving scheme Damaged status Not for loan Home library Current library Date acquired Source of acquisition Inventory number Total Checkouts Full call number Barcode Date last seen Price effective from Koha item type
    Dewey Decimal Classification     MUST Main Library MUST Main Library 30/09/2021 Purchase 14/38080   621.381KAN 2005 2021-1368 30/09/2021 30/09/2021 Open Shelf
    Dewey Decimal Classification     MUST Main Library MUST Main Library 26/11/2024 Purchase 14/38079   621.381KAN 2005 2024-22576 26/11/2024 26/11/2024 Book Bank